00841nam a22002055i 450000100060000000300090000600500170001500700030003200800410003504000200007610000240009624501490012026000640026930000340033370000220036774000840038985200210047399900170049495201240051168693ES-MaACL20230906170334.0t|960827s1887 fr a ||||1| spa d aCAM bspa cCAM1 aGhirelli, F.95657810aMedicina electro-homeopática o Tratamiento de las enfermedades por medio de remedios homeopáticos complejos / cpor F. Ghirelli y P. Ponzio. aNice : b[s.n.], c1887 (fImpr. de V. Eug. Gauthier y Cie) aXV, 407 p. : bil. ; c19 cm.1 aPonzio, P.9930730 aTratamiento de las infermedades por medio de remedios homeopáticos complejos. aES-MaACLjF-8789 c68693d68693 001040708LIBXIXaATENEOMbATENEOMcSPP2d2008-01-17eSCl0oF-8789p1071920r2023-02-23 00:00:00w2023-02-23yMONANT